ბათუმის შოთა რუსთაველის სახელმწიფო უნივერსიტეტის ბიბლიოთეკა

ჩანაწერი Corporate Name

ჩანაწერთა რაოდენობა, რომელიც გამოყენებულია: 1

001 - CONTROL NUMBER

  • control field: 13771

003 - CONTROL NUMBER IDENTIFIER

  • control field: GE_BSU

005 - DATE AND TIME OF LATEST TRANSACTION

  • control field: 20220518120458.0

008 - FIXED-LENGTH DATA ELEMENTS

  • fixed length control field: 220518|| aca||aabn | a|a d

040 ## - CATALOGING SOURCE

  • Original cataloging agency: GE_BSU
  • Transcribing agency: GE_BSU

110 ## - HEADING--CORPORATE NAME

  • Corporate name or jurisdiction name as entry element: ბათუმის შოთა რუსტაველის სახელმწიფო უნივერსიტეტის ტექნოლოგიური ფაკულტეტი.
  • Subordinate unit: აგროტექნოლოგიისა და აგროინჯინერიის დეპარტამენტი.

670 ## - SOURCE DATA FOUND

  • Source citation: Work cat.: (GE_BSU): გაფრინდაშვილი, ინგა 13769, ხილისა დაბოსტნეულის შრობის ტექნოლოგია :